Statistics for Biggest 20 Countries by Population 1000

Click here to take the quiz!

General Stats

  • This quiz has been taken 38 times
  • The average score is 6 of 20

Answer Stats

PopulationCountry% Correct
7.200.000France
88%
1.250.000England
73%
11.300.000Holy Roman Empire
64%
7.000.000Japan
64%
1.000.000Poland
48%
1.250.000Hungary
39%
500.000Denmark
33%
3.000.000Korea
33%
800.000Bulgaria
27%
600.000Ireland
18%
75.000.000Song
18%
5.400.000Kievan Rus
18%
12.000.000Byzantium
18%
4.900.000Cordoba
15%
1.200.000Abbasid
9%
900.000Bohemia
9%
3.250.000Liao
6%
841.000Khmer
6%
7.400.000Fatimid
6%
400.000Croatia
3%

Score Distribution

Percentile by Number Answered

Percent of People with Each Score

Your Score History

You have not taken this quiz